| 000 | 01406nam0a22003011 4500 | ||
|---|---|---|---|
| 001 | rc\140748 | ||
| 005 | 20250620204403.0 | ||
| 010 |
_a5-88294-015-X _bНВП "Пластик-информ" _9100000 |
||
| 010 |
_a5-88046-010-X _bСелена |
||
| 035 | _a(NLR Aleph) 005412300 | ||
| 090 |
_a7386811 _c7386811 |
||
| 100 | _a20030307d1993 |||y0rusy50 ca | ||
| 101 | 0 | _arus | |
| 102 | _aRU | ||
| 105 | _aa ||||||||| | ||
| 200 | 1 |
_aСмерть в Голливуде _eРоман _aЛицом к лицу _eРоман _fЭллери Куин _gПер. с англ. [А. Гуляевой] |
|
| 210 |
_aЧелябинск _cНВП "Пластик-информ" _aМ. _cСелена _d1993 |
||
| 215 |
_a542, [2] с. _cил. _d21 |
||
| 225 | 1 | _aДетектив | |
| 300 | _aНа пер. авт. не указан | ||
| 423 | 0 |
_12001#$aСпециальный парижский выпуск$eРоман$fПатриция Мойес$gПер. с англ. [Е. Коротковой, Е. Кривицкой$gК сб. в целом: Худож. К. Радченко] _1700#1$aМойз$bП.$f1923-2000$gПатриция$3RU\NLR\AUTH\7743357 _tСпециальный парижский выпуск _aМойз, Патриция (1923-2000) |
|
| 700 | 1 |
_aКвин _bЭ. _gЭллери |
|
| 801 | 0 |
_aRU _bNLR _gpsbo |
|
| 801 | 1 |
_aRU _bELAR _2rusmarc |
|
| 852 |
_aNLR _j93-3/6422 |
||
| 942 | _cBOOK | ||
| 980 | _aNB | ||